Catálogo

Iusnaturalismo y positivismo jurídico / (Registro nro. 47720)

Detalles MARC
000 -LEADER
fixed length control field 01747nam a2200433 i 4500
001 - CONTROL NUMBER
control field 47720
003 - CONTROL NUMBER IDENTIFIER
control field Mx-PuUPA
005 - DATE AND TIME OF LATEST TRANSACTION
control field 20260212110328.0
008 - FIXED-LENGTH DATA ELEMENTS--GENERAL INFORMATION
fixed length control field 140415s2015 sp gr 001 0 spa d
017 ## - COPYRIGHT OR LEGAL DEPOSIT NUMBER
Copyright or legal deposit number M-7160-2015
020 ## - INTERNATIONAL STANDARD BOOK NUMBER
International Standard Book Number 9788498795707
040 ## - CATALOGING SOURCE
Transcribing agency Mx-PuUPA
Original cataloging agency Mx-PuUPA
Language of cataloging spa
Modifying agency Mx-PuUPA
Description conventions rda
041 1# - LANGUAGE CODE
Language code of text/sound track or separate title spa
Language code of original ita
100 1# - MAIN ENTRY--PERSONAL NAME
Personal name Bobbio, Norberto,
Dates associated with a name 1909-2004
Relator term autor
9 (RLIN) 2406
240 10 - UNIFORM TITLE
Uniform title Giusnaturalismo e positivismo giuridico.
Language of a work Español
245 10 - TITLE STATEMENT
Title Iusnaturalismo y positivismo jurídico /
Statement of responsibility, etc. Norberto Bobbio ; prólogo, Luigi Ferrajoli ; traducciones, Elías Díaz, Ernesto Garzón Valdés, Andrea Greppi y Alfonso Ruiz Miguel ; edición al cuidado de Andrea Grippi
250 ## - EDITION STATEMENT
Edition statement Primera edición
264 #1 - PRODUCTION, PUBLICATION, DISTRIBUTION, MANUFACTURE, AND COPYRIGHT NOTICE
Place of production, publication, distribution, manufacture Madrid, España :
Name of producer, publisher, distributor, manufacturer Editorial Trotta,
Date of production, publication, distribution, manufacture, or copyright notice 2015
300 ## - PHYSICAL DESCRIPTION
Extent 229 páginas :
336 ## - CONTENT TYPE
Fuente rdacontent
Content type term texto
Content type code txt
337 ## - MEDIA TYPE
Source rdamedia
Media type term sin medio
Media type code n
338 ## - CARRIER TYPE
Source rdacarrier
Carrier type term volumen
Carrier type code nc
490 0# - SERIES STATEMENT
Series statement Colección estructuras y procesos
490 0# - SERIES STATEMENT
Series statement Derecho
500 ## - GENERAL NOTE
General note Reimpresiones: (primera reimpresión, 2018).
650 #7 - SUBJECT ADDED ENTRY--TOPICAL TERM
Source of heading or term armarc
Topical term or geographic name entry element Positivismo jurídico
650 #7 - SUBJECT ADDED ENTRY--TOPICAL TERM
Source of heading or term armarc
Topical term or geographic name entry element Derecho
General subdivision Filosofía
650 #7 - SUBJECT ADDED ENTRY--TOPICAL TERM
Source of heading or term armarc
Topical term or geographic name entry element Derecho natural
700 1# - ADDED ENTRY--PERSONAL NAME
Personal name Ferrajoli, Luigi,
Relator term prologuista
700 1# - ADDED ENTRY--PERSONAL NAME
Personal name Díaz, Elías,
Relator term traductor
700 1# - ADDED ENTRY--PERSONAL NAME
Personal name Garzón Valdés, Ernesto
Relator term traductor
9 (RLIN) 4913
700 1# - ADDED ENTRY--PERSONAL NAME
Personal name Greppi, Andrea,
Relator term traductor
-- editor
700 1# - ADDED ENTRY--PERSONAL NAME
Personal name Ruiz Miguel, Alfonso,
Relator term traductor
765 1# - ORIGINAL LANGUAGE ENTRY
Main entry heading Bobbio, Norberto
Title Giusnaturalismo e positivismo giuridico
Place, publisher, and date of publication Gius. Laterza & Figli, ©2011
942 ## - ADDED ENTRY ELEMENTS (KOHA)
Source of classification or shelving scheme Dewey Decimal Classification
Koha item type Libro
Classification part 340.112
Item part B6618
Existencias
Withdrawn status Lost status Source of classification or shelving scheme Damaged status Not for loan Collection code Home library Current library Shelving location Date acquired Source of acquisition Cost, normal purchase price Total Checkouts Full call number Barcode Date last seen Cost, replacement price Price effective from Koha item type Copy number
    Dewey Decimal Classification     General Biblioteca Karol Wojtyla Biblioteca Karol Wojtyla Sala general 09/04/2025 25 1174.00   340.112 B6618 2015 105966 05/01/2026 1174.00 09/04/2025 Libro  
    Dewey Decimal Classification     General Biblioteca Karol Wojtyla Biblioteca Karol Wojtyla Sala general 09/04/2025 25 1174.00   340.112 B6618 2015 105967 05/01/2026 1174.00 09/04/2025 Libro Ej.2